000 00539nam a22001697a 4500
005 20251108164244.0
008 250721s1994 xx 000 0 ara d
082 1 4 _a350/علي
100 1 _aشريف، علي
245 1 0 _aمبادىء الإدارة :
_bمدخل الأنظمة في تحليل العملية الإدارية /
264 1 _aالإسكندرية :
_bالدار الجامعية،
_c1994.
300 _a403ص
650 1 7 _aالإدارة العامة
650 1 7 _aالإدارة
942 _2ddc
_cBK
999 _c7619
_d7619